Mastering Modern Supply Chains (Record no. 88140)
[ view plain ]
| 000 -LEADER | |
|---|---|
| fixed length control field | 00778nam a22002537a 4500 |
| 003 - CONTROL NUMBER IDENTIFIER | |
| control field | URS |
| 005 - DATE AND TIME OF LATEST TRANSACTION | |
| control field | 20251022142522.0 |
| 008 - FIXED-LENGTH DATA ELEMENTS--GENERAL INFORMATION | |
| fixed length control field | 250929b ||||| |||| 00| 0 eng d |
| 020 ## - INTERNATIONAL STANDARD BOOK NUMBER | |
| International Standard Book Number | 978-971-9655-87-9 |
| 040 ## - CATALOGING SOURCE | |
| Transcribing agency | URS |
| 050 ## - LIBRARY OF CONGRESS CALL NUMBER | |
| Classification number | TX911.3 |
| Item number | .M27.M325 2024 |
| 100 ## - MAIN ENTRY--PERSONAL NAME | |
| Personal name | Maranan, Mario H. |
| Relator term | author |
| 245 ## - TITLE STATEMENT | |
| Title | Mastering Modern Supply Chains |
| Remainder of title | : for Tourism and Hospitality Industry |
| 264 ## - PRODUCTION, PUBLICATION, DISTRIBUTION, MANUFACTURE, AND COPYRIGHT NOTICE | |
| Place of production, publication, distribution, manufacture | Intramuros, Manila |
| Name of producer, publisher, distributor, manufacturer | MINDSHAPERS CO., INC. |
| Date of production, publication, distribution, manufacture, or copyright notice | ©2024 |
| 300 ## - PHYSICAL DESCRIPTION | |
| Extent | 194 pages.,: |
| Dimensions | 23 cm. |
| 336 ## - CONTENT TYPE | |
| Source | rdacontent |
| Content type term | text |
| 337 ## - MEDIA TYPE | |
| Source | rdamedia |
| Media type term | unmediated |
| 338 ## - CARRIER TYPE | |
| Source | rdacarrier |
| Carrier type term | volume |
| 650 #0 - SUBJECT ADDED ENTRY--TOPICAL TERM | |
| Topical term or geographic name entry element | Tourism |
| General subdivision | Management |
| 650 #0 - SUBJECT ADDED ENTRY--TOPICAL TERM | |
| Topical term or geographic name entry element | Hospitality Industry |
| General subdivision | Management |
| 700 ## - ADDED ENTRY--PERSONAL NAME | |
| Personal name | Maranan, Jovid Maricar D. |
| Titles and other words associated with a name | DBA |
| Relator term | author |
| 700 ## - ADDED ENTRY--PERSONAL NAME | |
| Personal name | Villamin, Jojo |
| 942 ## - ADDED ENTRY ELEMENTS (KOHA) | |
| Source of classification or shelving scheme | Library of Congress Classification |
| Koha item type | Filipiniana |
| Withdrawn status | Source of classification or shelving scheme | Damaged status | Not for loan | Collection code | Home library | Current library | Date acquired | Total Checkouts | Full call number | Barcode | Date last seen | Copy number | Price effective from | Koha item type |
|---|---|---|---|---|---|---|---|---|---|---|---|---|---|---|
| Library of Congress Classification | Non-fiction | Morong College Library | Morong College Library | 09/29/2025 | TX911.3 .M27.M325 2024 | URSMOR-CL-30482 | 09/29/2025 | 1 | 09/29/2025 | Filipiniana | ||||
| Library of Congress Classification | Non-fiction | Morong College Library | Morong College Library | 09/29/2025 | TX911.3 .M27.M325 2024 | URSMOR-CL-30483 | 09/29/2025 | 2 | 09/29/2025 | Filipiniana | ||||
| Library of Congress Classification | Non-fiction | Morong College Library | Morong College Library | 09/29/2025 | TX911.3 .M27.M325 2024 | URSMOR-CL-30484 | 09/29/2025 | 3 | 09/29/2025 | Filipiniana | ||||
| Library of Congress Classification | Non-fiction | Morong College Library | Morong College Library | 09/29/2025 | TX911.3 .M27.M325 2024 | URSMOR-CL-30485 | 09/29/2025 | 4 | 09/29/2025 | Filipiniana | ||||
| Library of Congress Classification | Non-fiction | Morong College Library | Morong College Library | 09/29/2025 | TX911.3 .M27.M325 2024 | URSMOR-CL-30486 | 09/29/2025 | 5 | 09/29/2025 | Filipiniana |